| 000 | 00963nam a2200265Ia 4500 | ||
|---|---|---|---|
| 003 | OSt | ||
| 005 | 20221005110746.0 | ||
| 006 | a|||||r|||| 00| 0 | ||
| 007 | ta | ||
| 008 | 221004b |||||||| |||| 00| 0 hin d | ||
| 020 |
_a9788126719433 (hbk) _c500 |
||
| 024 | _a26110 | ||
| 037 |
_b19, 17/03/2016, P. K. Books _cTextual |
||
| 040 |
_aCRL _cCRL _bhin |
||
| 041 |
_2hin _ahin |
||
| 082 | _a4,42, 152Q0 | ||
| 100 | _aनन्दा, वर्तिका | ||
| 245 | 0 | _aटेलीविजन और क्राइम रिपोर्टिग | |
| 246 | _aṬelīvijan aur krāim riporṭiga | ||
| 260 |
_aनई दिल्ली _bराजकमल प्रकाशन भारत _c2010 |
||
| 300 |
_a183पृ0 _ccm. |
||
| 650 | _aहिन्दी पत्रकारिता | ||
| 942 |
_h4,42, 152Q0 _cTEXL _2cc |
||
| 999 |
_c1019794 _d1019794 |
||